Quality : measuring and monitoring
Αποθηκεύτηκε σε:
| Άλλοι συγγραφείς: | |
|---|---|
| Μορφή: | Βιβλίο |
| Γλώσσα: | English |
| Δημοσίευση: |
London :
Century Business,
1993.
|
| Σειρά: | Sunday times business skills
|
| Θέματα: | |
| Ετικέτες: |
Προσθήκη ετικέτας
Δεν υπάρχουν, Καταχωρήστε ετικέτα πρώτοι!
|
MARC
| LEADER | 00000cam a2200000 i 4500 | ||
|---|---|---|---|
| 001 | 1/66987 | ||
| 008 | 980922s1993 enk| ||| |||| ||eng|| | ||
| 020 | |a 071265514X | ||
| 035 | |l 10029920 | ||
| 040 | |a GR-MyUa |b gre |e AACR2 | ||
| 041 | 0 | |a eng | |
| 082 | 7 | |a 658.562 |2 (22) | |
| 245 | 0 | 0 | |a Quality : |b measuring and monitoring / |c Tony Bendell ... [κ. ά.]. |
| 260 | |a London : |b Century Business, |c 1993. | ||
| 300 | |a ix, 11 p. | ||
| 490 | 1 | |a (Sunday times business skills) | |
| 504 | |a Περιλαμβάνει βιβλιογραφία και ευρετήριο. | ||
| 650 | 0 | |a Marketing |x Quality control. | |
| 650 | 0 | |a Quality assurance. | |
| 700 | 1 | |a Bendell, A. | |
| 830 | 0 | |a Sunday times business skills | |
| 852 | |a INST |b CHIOS |e 19980922 |h 658.562 QUA |p 005200015576 |q 005200015576 |t BK |y 0 | ||
| 901 | |a BIBL-1998-3 | ||
| 922 | |a 2ΕΛΗ |b 199412 |c ΓΚΟΤΣΙΑΣ | ||